000 00901 a2200217 4500
001 121740
020 _a9780333982242
040 _cEscola Canadense de Niteroi
090 _aS3 - DON
100 _aDonaldson, Julia
245 1 0 _aThe snail and the whale
260 _aLondon
300 _a32 p.
_c1 x 0.16 x 9.84 inches
362 0 _a2004
520 _aHow I long to sail! said the tiny snail. One little snail longs to see the world and hitches a lift on the tail of an enormous whale. Together they go on an amazing journey, past icebergs and volcanoes, sharks and penguins, and the little snail feels so small in the vastness of the world. But when disaster strikes and the whale is beached in a bay, it's the tiny snail's big plan that saves the day.
650 4 _aHelping Others
650 4 _aStories in rhyme
650 4 _aTravels
650 4 _aChildren's Literature
942 _cBK
999 _c121740
_d121740